Category Elimination #1 - Countries - Statistics

General Stats
  • This quiz has been taken 1,633 times
  • The average score is 8 of 10
Answer Stats
Category # Correct? % Correct
That have over 50,000,000 people 28 ✓ㅤ
100%
That does not have territory in Asia 13 ✓ㅤ
99%
That starts with a vowel 4 ✓ㅤ
97%
That is smaller than 10,000 km² 32 ✓ㅤ
88%
That is located in Eurasia 12 ✓ㅤ
83%
That is not located in the New World 3 ✓ㅤ
78%
Who's capital is in the first half of the alphabet 6 ✓ㅤ
71%
That doesn't start with M 4 ✓ㅤ
67%
That borders Germany 1 Luxembourg
58%
That is Landlocked 1 Ethiopia
35%
No matching quizzes found
Score Distribution
Percent of People with Each Score
Percentile by Number Answered
Your Score History
You have not taken this quiz